Datum a čas kvízu
40
Celkem bodů
Celkový počet nahraných bodů na tomto kvízu bez doplňovacích otázek.
2.
Pořadí na kvízu
Konečné umístění týmu na tomto kvízu.
Zaznamenané odpovědi
| # | Otázka | Odpověď | Body | Výsledky |
|---|---|---|---|---|
| 1. | Při informování o rozdělení mi... | prevence | 1 | |
| 2. | K půlročnímu vězení odsoudil n... | líbali se | 0 | |
| 3. | V úterý vystoupily v pražské O... | Megadeth; Disturbed | 1 | |
| 4. | Minulý týden jsme se dozvěděli... | Venezuela | 1 | |
| 5. | Organizátoři nadcházejících zi... | Olympijské ohně budou dva. | 0 | |
| 6. | Rozdělení Římské říše v roce 3... | 476 (Západořímská) a 1453 (Východořímská) | 1 | |
| 7. | Ve 14. století Evropu sevřela... | D | 1 | |
| 8. | Podepsání Mnichovské dohody by... | appeasement (politika appeasementu) | 1 | |
| 9. | Jedním z největších přešlapů m... | Lehman Brothers | 1 | |
| 10. | Jak moc velkou chybou byl či n... | A | 1 |